Historia de varios sucesos ocurridos en la aldea después de la muerte del ingenioso hidalgo Don Quijote de la Mancha (Record no. 3191)

MARC details
000 -CABECERA
campo de control de longitud fija 01484nam a2200265 a 4500
001 - NÚMERO DE CONTROL
campo de control BRCA_3455
005 - FECHA Y HORA DE LA ÚLTIMA TRANSACCIÓN
campo de control 20190320204306.0
041 ## - CÓDIGO DE LENGUA
Código de lengua del texto/banda sonora o título independiente spa
044 ## - CÓDIGO DEL PAÍS DE LA ENTIDAD EDITORA/PRODUCTORA
Código MARC del país sp
084 ## - OTRO NÚMERO DE CLASIFICACIÓN
Número de clasificación 744
Número de documento/Ítem .A23
-- 1910
100 1# - ENTRADA PRINCIPAL--NOMBRE DE PERSONA
Nombre de persona Abaurre y Mesa, José
9 (RLIN) 9031
245 10 - MENCIÓN DE TÍTULO
Título Historia de varios sucesos ocurridos en la aldea después de la muerte del ingenioso hidalgo Don Quijote de la Mancha
Mención de responsabilidad, etc. por José Abaurre y Mesa.
260 ## - PUBLICACIÓN, DISTRIBUCIÓN, ETC.
Lugar de publicación, distribución, etc. Madrid
Nombre del editor, distribuidor, etc. Sucesores de Rivadaneyra
Fecha de publicación, distribución, etc. 1910
300 ## - DESCRIPCIÓN FÍSICA
Extensión 2 v.
Dimensiones 18 cm.
500 ## - NOTA GENERAL
Nota general Contenido : v.1. Dedicatoria al director y al lector. Texto. -- v.2. Texto
500 ## - NOTA GENERAL
Nota general En esta obra, Sansón Carrasco, creyendo ser causante de la muerte de Don Quijote por haberlo vencido en la playa de Barcelona, piensa que los Duques aragoneses que vienen al pueblo para asistir a los funerales del caballero andante, se encaminan allí para vengar en él la muerte que dio a Alonso Quijano. En vista de ello, pone su caballo al galope en dirección de la aldea, y al llegar al sitio donde se está inaugurando una estatua ecuestre de Don Quijote, cae muerto, víctima de una conmoción cerebral. Rústica Lúdovik Osterc
500 ## - NOTA GENERAL
Nota general QMB24
650 14 - PUNTO DE ACCESO ADICIONAL DE MATERIA--TÉRMINO DE MATERIA
Término de materia o nombre geográfico como elemento de entrada Novela española
Subdivisión cronológica Época clásica, 1500-1700
9 (RLIN) 215
650 14 - PUNTO DE ACCESO ADICIONAL DE MATERIA--TÉRMINO DE MATERIA
Término de materia o nombre geográfico como elemento de entrada Literatura española
Subdivisión cronológica Época clásica, 1500-1700
9 (RLIN) 216
650 14 - PUNTO DE ACCESO ADICIONAL DE MATERIA--TÉRMINO DE MATERIA
Término de materia o nombre geográfico como elemento de entrada Novela española
Subdivisión cronológica Siglo XVII
9 (RLIN) 217
650 14 - PUNTO DE ACCESO ADICIONAL DE MATERIA--TÉRMINO DE MATERIA
Término de materia o nombre geográfico como elemento de entrada Don Quijote (Personaje ficticio)
Término indicativo de función/relación Novela
9 (RLIN) 218
740 0# - PUNTO DE ACCESO ADICIONAL--TÍTULO RELACIONADO O ANALÍTICO NO CONTROLADO
Título relacionado o analítico no controlado El Ingenioso Hidalgo Don Quijote de la Mancha
902 ## - CATALOGADOR
Iniciales QFM
942 ## - ELEMENTOS DE PUNTO DE ACCESO ADICIONAL (KOHA)
Fuente del sistema de clasificación o colocación Library of Congress Classification
Tipo de ítem Koha Libros
Holdings
Estado de retiro Estado de pérdida Estado dañado No para préstamo Localización permanente Ubicación/localización actual Fecha de adquisición Número de inventario Total de préstamos Signatura topográfica completa Código de barras Fecha visto por última vez Precio válido a partir de Tipo de ítem Koha
El ejemplar forma parte de la colección y puede ser consultado según las políticas vigentes.       Biblioteca del Museo Franz Mayer (Rogerio Casas-Alatriste) Biblioteca del Museo Franz Mayer (Rogerio Casas-Alatriste) 15/04/2009 QMB24   744 .A23 1910 (QMB24) 3452 22/03/2019 22/03/2019 Libros